Current Key Challenges for the EU Labour Market

Európsky trh práce čelí paralelným štrukturálnym výzvam, ktoré zásadne formujú jeho ďalší vývoj: pretrvávajúci nedostatok pracovnej sily, starnutie obyvateľstva, zrýchlená digitalizácia, zelená transformácia a nedostatočná integrácia migrantov. Analýza ukazuje, že tieto trendové tlaky sú vzájomne pr...

Descrizione completa

Salvato in:
Dettagli Bibliografici
Autore principale: Kopál, Radovan, 1999-
Natura: Capitolo di libro
Lingua:inglese
Soggetti:
Tags: Aggiungi Tag
Nessun Tag, puoi essere il primo ad aggiungerne!!

MARC

LEADER 00000naa$a2200000$$$4500
001 0314291
005 20260123121606.3
041 0 |a eng 
044 |a SK 
245 1 0 |a Current Key Challenges for the EU Labour Market  |c Radovan Kopál 
520 |a Európsky trh práce čelí paralelným štrukturálnym výzvam, ktoré zásadne formujú jeho ďalší vývoj: pretrvávajúci nedostatok pracovnej sily, starnutie obyvateľstva, zrýchlená digitalizácia, zelená transformácia a nedostatočná integrácia migrantov. Analýza ukazuje, že tieto trendové tlaky sú vzájomne prepojené a zvyšujú potrebu účinných verejných politík v oblasti zručností, rekvalifikácie, inovácií a sociálneho začlenenia. Zelená a digitálna transformácia vytvárajú nové príležitosti, ale zároveň zhoršujú regionálne nerovnosti a zvyšujú dopyt po kvalifikovanej pracovnej sile. 
610 2 0 |a Európska únia 
610 2 0 |a politika zahraničná 
610 2 0 |a porovnanie medzinárodné 
610 2 0 |a politika 
610 2 0 |a trh práce 
100 1 |a Kopál, Radovan, 1999-